Southville International School and Colleges
Your cart is empty.
  • Cart
  • Lists
    Public lists Eva Luna New books Lux_list list_1
    Your lists Log in to create your own lists
  • Log in to your account
  • Your cookies
  • Search history
Southville International School and Colleges
  • Advanced search
  • Recent comments
  • Most popular
  • Libraries

Log in to your account

Log in with GOOGLE


If you do not have an external account, but do have a local account, you can still log in:

  1. Home
  2. MARC view: Crafts :
Normal view MARC view ISBD view

Crafts : (Record no. 10033)

[ view plain ]
MARC details
000 -LEADER
fixed length control field 00506nam a22001817a 4500
003 - CONTROL NUMBER IDENTIFIER
control field OSt
005 - DATE AND TIME OF LATEST TRANSACTION
control field 20140310182152.0
008 - FIXED-LENGTH DATA ELEMENTS--GENERAL INFORMATION
fixed length control field 130830t xxu||||| |||| 00| 0 eng d
050 ## - LIBRARY OF CONGRESS CALL NUMBER
Classification number TT 157
Item number .D261 1989
082 ## - DEWEY DECIMAL CLASSIFICATION NUMBER
Classification number HS 745.5
Item number D298 1989
100 ## - MAIN ENTRY--PERSONAL NAME
Personal name Davis, Virginia Irby
9 (RLIN) 15820
245 ## - TITLE STATEMENT
Title Crafts :
Remainder of title a basic survey /
Statement of responsibility, etc Virginia Irby Davis.
260 ## - PUBLICATION, DISTRIBUTION, ETC. (IMPRINT)
Place of publication, distribution, etc Dubuque,Iowa :
Name of publisher, distributor, etc Wm.c. Brown Publisher,
Date of publication, distribution, etc 1989
300 ## - PHYSICAL DESCRIPTION
Extent 313 p. ;
Other physical details ill. ;
Dimensions 28 cm.
650 ## - SUBJECT ADDED ENTRY--TOPICAL TERM
Topical term or geographic name as entry element Crafts
9 (RLIN) 15821
942 ## - ADDED ENTRY ELEMENTS (KOHA)
Source of classification or shelving scheme Library of Congress Classification
Holdings
Withdrawn status Lost status Source of classification or shelving scheme Damaged status Home library Current library Shelving location Date acquired Total Checkouts Full call number Barcode Date last seen Copy number Price effective from Koha item type
    Library of Congress Classification   Luxembourg Library Luxembourg Library High School Section 08/30/2013   TT 157 .D261 1989 4847 08/30/2013 1 08/30/2013 Books

Crafts :

APA

Davis V. I., . (1989). Crafts. Dubuque,Iowa: Wm.c. Brown Publisher.

Chicago

Davis Virginia Irby, . 1989. Crafts. Dubuque,Iowa: Wm.c. Brown Publisher.

Harvard

Davis V. I., . (1989). Crafts. Dubuque,Iowa: Wm.c. Brown Publisher.

MLA

Davis Virginia Irby, . Crafts. Dubuque,Iowa: Wm.c. Brown Publisher. 1989.

  • Place hold
  • Print
  • Cite
  • Add to your cart (remove)
  • Save record
    BIBTEX Dublin Core MARCXML MARC (non-Unicode/MARC-8) MARC (Unicode/UTF-8) MARC (Unicode/UTF-8, Standard) MODS (XML) RIS
  • More searches
    Search for this title in:
    Other Libraries (WorldCat) Other Databases (Google Scholar) Online Stores (Bookfinder.com) Open Library (openlibrary.org)

Exporting to Dublin Core...

SOUTHVILLE LIBRARY

Southville International School and Colleges Library

1281 Tropical Ave. Cor. Luxembourg St., BF Homes International, Las Pinas City

Tel. No. 8256374 / 252358 Loc. 117/146

Powered by Koha